000 00822nas a2200253 4500
001 BR7800348
003 BR-BrBNA
005 20231205083302.0
007 ta
008 230509b bl.|||p| |||| 00| 00por d
040 _aBR-BrBNA
_bpor
_cBiblioteca Nacional de Agricultura
041 _a(Pt)
072 _aH20
100 1 _aRamos, V.L.
100 1 _aMedeiros, A.G. (Centro de Pesquisas do Cacau, Ilheus, BA (Brazil))
245 1 _aAcao protetiva e erradicante do actidione contra a podridao parda do cacaueiro [Phytophthora palmivora, Brasil]
650 _aCACAU
650 _aPODRIDAO PARDA
650 _aCONTROLE QUIMICO
650 _aFUNGO
773 0 _tCacau Atualidades (Brazil)
_xISSN 0007-9340
_g(Apr 1977), v. 14(2) p. 8-10
_wBR7800348
909 _a202311
_bLúcia
_c55
_dLúcia Elande
942 _2AGRIS
_n0
_cANA
999 _c97724
_d97724